Fortune Global 100 companies name containing a place name - Statistics

General Stats
  • This quiz has been taken 71 times
    10 since last reset
  • The average score is 2 of 29
Answer Stats
Rank Country Company % Correct
4 Saudi Arabia Saudi Aramco
67%
34 USA Bank of America
44%
55 Spain Banco Santander
22%
58 China China Mobile Communications
22%
5 China China National Petroleum
22%
38 China Bank of China
11%
26 China Industrial & Commercial Bank of China
11%
3 China State Grid Corporation of China
11%
15 Japan Toyota Motor
11%
30 China Agriculture Bank of China
0%
73 China China Baowu Steel Group
0%
61 China China Communications Construction
0%
31 China China Construction Bank
0%
92 China China Energy Investment
0%
45 China China Life Insurance
0%
86 China China Minmetals
0%
65 China China National Offshore Oil
0%
51 China China Railway Construction
0%
43 China China Railway Engineering Group
0%
67 China China Resources
0%
84 China China Southern Power Grid
0%
16 China China State Construction Engineering
0%
72 Germany Deutsche Telekom
0%
69 France Électricité de France
0%
95 India Life Insurance Corp. of India
0%
60 USA Marathon Petroleum
0%
100 China PowerChina
0%
82 China Shandong Energy Group
0%
98 China Xiamen C&D
0%
No matching quizzes found
Score Distribution
Percent of People with Each Score
Percentile by Number Answered
Your Score History
You have not taken this quiz since the last reset